[Event "GER-ch Net Amateur Gr-C Final"]
[Site "Playchess.com INT"]
[Date "2020.04.18"]
[Round "13"]
[White "Birk, Wilfried Christoph"]
[Black "Rotteveel, Guenther"]
[Result "1-0"]
[WhiteElo "1352"]
[BlackElo "1489"]
[PlyCount "65"]
[EventDate "2020.04.18"]
[EventType "swiss (blitz)"]
[EventRounds "13"]
[EventCountry "GER"]
[SourceTitle "CBM 195 Extra"]
[Source "ChessBase"]
[SourceDate "2020.05.31"]
[SourceVersion "1"]
[SourceVersionDate "2020.05.31"]
[SourceQuality "1"]

1. d4 d5 2. Nf3 Bf5 3. e3 e6 4. Bd3 Bxd3 5. Qxd3 Nf6 6. Nbd2 c5 7. c3 c4 8. Qc2 Bd6 9. Ne5 0-0 10. f4 Nc6 11. Ndf3 a6 12. 0-0 b5 13. a3 Bc7 14. Nxc6 Qd6 15. Nce5 Ne4 16. Qe2 f6 17. Ng4 g5 18. Nf2 gxf4 19. Nxe4 dxe4 20. Nd2 fxe3 21. Qg4+ Kh8 22. Qg3 exd2 23. Bxd2 Rg8 24. Qxd6 Bxd6 25. Rxf6 Rg6 26. Raf1 Ra7 27. Rxg6 hxg6 28. Rf8+ Kg7 29. Rf1 Ra8 30. Bf4 Bxf4 31. Rxf4 Rf8 32. Rxe4 Rf5 33. Rxe6 1-0

[Event "GER-ch Net Amateur Gr-C Vor3"]
[Site "Playchess.com INT"]
[Date "2020.04.16"]
[Round "7"]
[White "Rotteveel, Guenther"]
[Black "Schenk, Michael"]
[Result "1/2-1/2"]
[WhiteElo "1495"]
[BlackElo "1375"]
[PlyCount "84"]
[EventDate "2020.04.16"]
[EventType "swiss (blitz)"]
[EventRounds "9"]
[EventCountry "GER"]
[SourceTitle "CBM 195 Extra"]
[Source "ChessBase"]
[SourceDate "2020.05.31"]
[SourceVersion "1"]
[SourceVersionDate "2020.05.31"]
[SourceQuality "1"]

1. e4 c5 2. Bc4 e6 3. Nc3 Nf6 4. d3 Nc6 5. Bg5 Nd4 6. Nf3 Nxf3+ 7. Qxf3 Be7 8. d4 cxd4 9. Nb5 a6 10. Bxf6 gxf6 11. Nxd4 e5 12. Nf5 Qa5+ 13. c3 Qb6 14. Nxe7 Kxe7 15. Bb3 d6 16. 0-0 Be6 17. Bxe6 fxe6 18. b3 Rag8 19. Rad1 Qc7 20. Rd2 h5 21. Rfd1 Rd8 22. c4 Rhf8 23. Qxh5 f5 24. Qh7+ Rf7 25. Qg6 fxe4 26. Re1 d5 27. cxd5 exd5 28. Qg5+ Ke6 29. Rdd1 Rdf8 30. Rf1 Qc5 31. Rd2 d4 32. Qg6+ Kd5 33. Rdd1 d3 34. Rc1 Qd4 35. Rc4 Qb2 36. Qxe4+ Ke6 37. Qxd3 Rxf2 38. Qg6+ Kd5 39. Qe4+ Kd6 40. Qd3+ Ke6 41. Qh3+ Kd5 42. Qd3+ Ke6 1/2-1/2

[Event "GER-ch Net Amateur Gr-C Vor2"]
[Site "Playchess.com INT"]
[Date "2020.04.15"]
[Round "9"]
[White "Rotteveel, Guenther"]
[Black "Kauschanski, Nicolas"]
[Result "1-0"]
[WhiteElo "1497"]
[BlackElo "1467"]
[PlyCount "91"]
[EventDate "2020.04.15"]
[EventType "swiss (blitz)"]
[EventRounds "9"]
[EventCountry "GER"]
[SourceTitle "CBM 196 Extra"]
[Source "ChessBase"]
[SourceDate "2020.07.31"]
[SourceVersion "1"]
[SourceVersionDate "2020.07.31"]
[SourceQuality "1"]

1. e4 e6 2. d4 d5 3. e5 c5 4. c3 Qb6 5. Qb3 Qxb3 6. axb3 cxd4 7. cxd4 Nc6 8. Bb5 Nge7 9. Nf3 a6 10. Bd3 Nb4 11. Kd2 Nxd3 12. Kxd3 Nc6 13. Bd2 Bb4 14. Nc3 Bxc3 15. bxc3 b5 16. Ra2 a5 17. Rha1 Bb7 18. b4 a4 19. h4 0-0 20. g4 h6 21. g5 hxg5 22. Nxg5 f6 23. Nxe6 Rfe8 24. Nc7 Re7 25. Nxa8 Bxa8 26. exf6 gxf6 27. Re1 Rh7 28. Rh1 Ne7 29. Bf4 Nf5 30. h5 Ng7 31. h6 Ne6 32. Bd6 Nd8 33. f4 Nf7 34. Rg2+ Kh8 35. Be7 f5 36. Bf6+ Rg7 37. Rxg7 Ng5 38. Rxg5+ Kh7 39. Rxf5 a3 40. Bd8 a2 41. Rf7+ Kg8 42. h7+ Kxf7 43. h8Q Bc6 44. Qf6+ Kg8 45. Rg1+ Kh7 46. Qg7# 1-0

[Event "GER-ch Net Amateur Gr-C Vor2"]
[Site "Playchess.com INT"]
[Date "2020.04.15"]
[Round "4"]
[White "Rotteveel, Guenther"]
[Black "Koholka, Jan"]
[Result "0-1"]
[WhiteElo "1618"]
[BlackElo "1731"]
[PlyCount "34"]
[EventDate "2020.04.15"]
[EventType "swiss (blitz)"]
[EventRounds "9"]
[EventCountry "GER"]
[SourceTitle "CBM 196 Extra"]
[Source "ChessBase"]
[SourceDate "2020.07.31"]
[SourceVersion "1"]
[SourceVersionDate "2020.07.31"]
[SourceQuality "1"]

1. e4 e5 2. Bc4 Nc6 3. Nc3 Nf6 4. d3 Bc5 5. Bg5 h6 6. Bh4 g5 7. Bg3 d6 8. Na4 Bb6 9. Nxb6 axb6 10. Nf3 Ne7 11. Bxe5 dxe5 12. Nxe5 Be6 13. Bxe6 fxe6 14. Qf3 Nc6 15. Ng6 Rg8 16. e5 Rxg6 17. exf6 Qxf6 0-1